Regionálny pôvod výrobkov ako faktor rozvoja cestovného ruchu vo vybranom regióne bakalárska práca

Guardado en:
Detalles Bibliográficos
Autor principal: Kobela, Daniel
Autor Corporativo: Obchodná fakulta EU. Katedra tovaroznalectva a kvality tovaru
Otros Autores: Strhan, Rastislav, 1968-
Formato: Libro
Lenguaje:eslovaco
Publicado: Bratislava 2020
Etiquetas: Agregar Etiqueta
Sin Etiquetas, Sea el primero en etiquetar este registro!

MARC

LEADER 00000nbm a2200000 4500
001 0266605
005 20201009092059.1
041 0 |a slo 
044 |a SK 
245 1 0 |a Regionálny pôvod výrobkov ako faktor rozvoja cestovného ruchu vo vybranom regióne  |b bakalárska práca  |c Daniel Kobela ; školiteľ: Rastislav Strhan 
264 1 |a Bratislava  |c 2020 
300 |a 52 s. 
100 1 |a Kobela, Daniel 
700 1 |a Strhan, Rastislav, 1968- 
710 2 |a Obchodná fakulta EU. Katedra tovaroznalectva a kvality tovaru